Statistiche per Paesi che iniziano con la P

Clicka qui per fare il quiz!

Statistiche generali

  • Questo quiz è stato fatto 2.870 volte
  • Il punteggio medio è 7 su 9

Statistiche sulle risposte

Paese% Corretto
Panama
86%
Polonia
85%
Portogallo
85%
Pakistan
80%
Paraguay
79%
Perù
77%
Palau
72%
Papua Nuova Guinea
64%
Paesi Bassi
41%

Distribuzione punteggi

Percentile per numero di risposta

Percentuale di utenti per punteggio

I tuoi punteggi nel tempo

Non hai fatto questo quiz